000 00546nam a2200229Ia 4500
003 OSt
005 20220924142736.0
006 a|||||r|||| 00| 0
007 ta
008 ASM
024 _a303142
037 _cTextual
040 _aARTS
_cARTS
_bASM
041 _2ASM
_aASM
082 _aY:351.4461, 158N4
100 _aHiran
_9213989
245 0 _aAssamiya jatiya jiwaner mahapuran permpera
260 _c1994
650 _aSOCIOLOGY
942 _hY:351.4461, 158N4
_cTEXL
_2CC
999 _c451805
_d451805